00337 2200145 4500001002100000005001500021035002000036245004600056100002300102300001100125260002000136082000800156084001400164990001300178INLIS00000000000238720250528115353 a0010-05250006791 aManisan Buah-Buahan /cN. Edy Sutanto, BE0 aN. Edy Sutanto, BE a68 hlm bKanisius,c2003 a600 a600 N. m a07.12275